Brown & Merry (Record no. 107681)

MARC details
000 -LEADER
fixed length control field 00787cam a22001935a 4500
001 - CONTROL NUMBER
control field L141468
008 - FIXED-LENGTH DATA ELEMENTS--GENERAL INFORMATION
fixed length control field 071127s1982 xxka f 000 0deng d
035 ## - SYSTEM CONTROL NUMBER
System control number (Sirsi) u141468
041 0# - LANGUAGE CODE
Language code of text/sound track or separate title eng
050 04 - LIBRARY OF CONGRESS CALL NUMBER
Classification number 920 $2 18
110 2# - MAIN ENTRY--CORPORATE NAME
Corporate name or jurisdiction name as entry element Brown and Merry
9 (RLIN) 5465
245 00 - TITLE STATEMENT
Title Brown & Merry
Remainder of title estate agents, surveyors, auctioneers, mortgage consultants
260 ## - PUBLICATION, DISTRIBUTION, ETC.
Place of publication, distribution, etc. [Great Britain]
Name of publisher, distributor, etc. [Brown & Merry]
Date of publication, distribution, etc. [1982]
300 ## - PHYSICAL DESCRIPTION
Extent 16 p.
Other physical details ill.
Dimensions 30 cm. +
Accompanying material 1 sheet (29 x 81 cm., folded to 29 x 21 cm.)
520 ## - SUMMARY, ETC.
Summary, etc. A history of the firm of Brown & Merry, published on the occasion of their 150 year anniversary. Includes a loose folded sheet showing a timeline of events in the company's history.
651 #4 - SUBJECT ADDED ENTRY--GEOGRAPHIC NAME
Geographic name United Kingdom
Chronological subdivision
690 ## - LOCAL SUBJECT ADDED ENTRY--TOPICAL TERM (OCLC, RLIN)
Topical term or geographic name as entry element ABOUT RICS-RICS MEMBERS-CHARTERED SURVEYORS
942 ## - ADDED ENTRY ELEMENTS (KOHA)
Suppress in OPAC 0
Holdings
Withdrawn status Lost status Source of classification or shelving scheme Damaged status Not for loan Home library Current library Shelving location Date acquired Total Checkouts Full call number Barcode Date last seen Copy number Price effective from Koha item type
    Dewey Decimal Classification     London London Pamphlets 27/11/2007   P920 BRO 30074353 06/08/2019 1 06/08/2019 Book